000 00852cab a2200289 4500
001 ABS60566
008 090401t1999 xxu||||| |||| 00| 0 eng d
035 _a(Sirsi) u92743
041 _aeng
100 _aPhillips, A.
245 _aCharity trustees: take nothing on trust
260 _c1999
350 _a0
490 _aCSM
_bChartered Surveyor Monthly
_v8 (8) April 1999, 54(1)
520 _aExplains how charity trustees can limit the risk of personal liability.
650 _aCHARITIES ACT 1993 S29
650 _aCHARITIES
650 _aCHARITY COMMISSION
650 _aCOMPANIES ACT 1985 S727
650 _aINSOLVENCY ACT 1986
650 _aPERSONAL LIABILITY
650 _aTRUSTEE ACT 1925 S61
650 _aTRUSTEES
690 _aMANAGEMENT-BUSINESS MANAGEMENT-PROFESSIONAL PRACTICE
942 _n0
948 _c15/04/1999
999 _c58783
_d58783